=LDR 00000nam 2200000 4500 =001 INLIS000000000051186 =005 20170830122300 =035 ##$$a 0010-0817000369 =007 ta =008 170830###########################0###### =020 ##$$a 978-602-217-428-8 =082 ##$$a 351.15 =084 ##$$a 351.15 SUK e =100 #$$a Sukardi =245 1#$$a Evaluasi Program Pendidikan dan Kepelatihan /$c Sukardi =250 ##$$a cet.2 =260 ##$$a Jakarta :$b Bumi Aksara,$c 2015 =300 ##$$a xiv, 266 hlm : $b ilus. ; $c 20,5 cm =650 ##$$a Pendidikan dan Pelatihan =700 #$$a Yayat Sri Hayati =990 ##$$a 1000710007 =990 ##$$a 1000710007 =990 ##$$a 1000710007 =990 ##$$a 1000710007 =990 ##$$a 1000710007 =990 ##$$a 21702766 =990 ##$$a 01201710007 =990 ##$$a 01201710008 =990 ##$$a 01201710009 =990 ##$$a 01201710010 =990 ##$$a 21702767 =990 ##$$a 01201710007 =990 ##$$a 01201710008 =990 ##$$a 01201710009 =990 ##$$a 21702766 =990 ##$$a 21702768 =990 ##$$a 01201710007 =990 ##$$a 01201710008 =990 ##$$a 21702767 =990 ##$$a 21702766 =990 ##$$a 21702769 =990 ##$$a 01201710007 =990 ##$$a 21702768 =990 ##$$a 21702767 =990 ##$$a 21702766 =990 ##$$a 21702770 =990 ##$$a 21702769 =990 ##$$a 21702768 =990 ##$$a 21702767 =990 ##$$a 21702766